[Event "BCF-ch Major op"]
[Site "Torquay"]
[Date "2013.08.09"]
[Round "11.108"]
[White "Gunn, Michael J"]
[Black "Brown, Terry"]
[Result "0-1"]
[WhiteElo "1775"]
[BlackElo "1506"]
[PlyCount "78"]
[EventDate "2013.07.29"]
[EventType "swiss"]
[EventRounds "11"]
[EventCountry "ENG"]
[SourceTitle "EXT 2023"]
[Source "ChessBase"]
[SourceDate "2022.10.05"]
[SourceVersion "1"]
[SourceVersionDate "2022.10.05"]
[SourceQuality "1"]

1. c4 g6 2. g3 Bg7 3. Bg2 c6 4. Nc3 e6 5. e4 Ne7 6. d4 0-0 7. Nge2 b6 8. 0-0 Bb7 9. d5 exd5 10. cxd5 cxd5 11. exd5 d6 12. Rb1 Nd7 13. Bg5 Re8 14. Qd2 Ne5 15. b3 Qd7 16. Bh6 Bh8 17. Ne4 Nxd5 18. Bg5 f6 19. Bh6 Nf7 20. N2c3 Nxc3 21. Nxc3 Bxg2 22. Kxg2 Nxh6 23. Rbc1 Nf7 24. Nd5 Rac8 25. Rcd1 Rc5 26. Kg1 Qb7 27. Ne3 f5 28. Nc4 d5 29. Ne3 d4 30. Nc4 Qf3 31. Qb4 Re2 32. Nxb6 axb6 33. Qxb6 Rc8 34. a4 Rxf2 35. Rxf2 Qxd1+ 36. Kg2 d3 37. a5 d2 38. Qb7 Rd8 39. a6 Bd4 0-1

[Event "BCF-ch Major op"]
[Site "Torquay"]
[Date "2013.08.05"]
[Round "7.109"]
[White "Hilton, Tim"]
[Black "Brown, Terry"]
[Result "1-0"]
[WhiteElo "1747"]
[BlackElo "1506"]
[PlyCount "79"]
[EventDate "2013.07.29"]
[EventType "swiss"]
[EventRounds "11"]
[EventCountry "ENG"]
[SourceTitle "EXT 2023"]
[Source "ChessBase"]
[SourceDate "2022.10.05"]
[SourceVersion "1"]
[SourceVersionDate "2022.10.05"]
[SourceQuality "1"]

1. d4 g6 2. h4 h5 3. e4 d6 4. f3 Bg7 5. Be3 Nd7 6. Qd2 e5 7. d5 a6 8. c4 Bh6 9. Nc3 Bxe3 10. Qxe3 Qe7 11. Bd3 Nh6 12. Qf2 Nc5 13. Bc2 Qf6 14. b4 Nd7 15. Nh3 Nf8 16. Ba4+ Bd7 17. Bxd7+ Nxd7 18. 0-0 Qe7 19. Ng5 Nf8 20. c5 f6 21. Ne6 Nxe6 22. dxe6 c6 23. Rad1 Rd8 24. cxd6 Rxd6 25. Qg3 Rg8 26. f4 Rxe6 27. Qe3 Ng4 28. Qb6 Kf7 29. f5 gxf5 30. exf5 Rd6 31. Rxd6 Qxd6 32. Qxb7+ Kf8 33. Rd1 Qe7 34. Rd7 Qe8 35. Qxc6 Rg7 36. Qd6+ Re7 37. Rd8 Kf7 38. Rxe8 Kxe8 39. Nd5 Rd7 40. Qe6+ 1-0

[Event "BCF-ch Major op"]
[Site "Torquay"]
[Date "2013.07.30"]
[Round "2.76"]
[White "Dupont, Daniel Noel"]
[Black "Brown, Terry"]
[Result "1/2-1/2"]
[WhiteElo "1814"]
[BlackElo "1506"]
[PlyCount "80"]
[EventDate "2013.07.29"]
[EventType "swiss"]
[EventRounds "11"]
[EventCountry "ENG"]
[SourceTitle "EXT 2023"]
[Source "ChessBase"]
[SourceDate "2022.10.05"]
[SourceVersion "1"]
[SourceVersionDate "2022.10.05"]
[SourceQuality "1"]

1. e4 Nc6 2. Nc3 Nf6 3. d4 e5 4. d5 Ne7 5. Be3 Ng6 6. a3 Be7 7. h4 h5 8. Be2 Ng4 9. Bxg4 hxg4 10. Qxg4 d6 11. Qe2 Rxh4 12. Rxh4 Nxh4 13. f3 Bg5 14. Nd1 Bxe3 15. Nxe3 Qg5 16. g4 Ng6 17. 0-0-0 Bd7 18. Nh3 Qe7 19. Rh1 0-0-0 20. Ng1 Rh8 21. Rxh8+ Nxh8 22. Qh2 Ng6 23. Qh7 Qf8 24. Ne2 Qh8 25. Qxh8+ Nxh8 26. Ng3 g6 27. Kd2 c6 28. Kd3 Kc7 29. g5 Kb6 30. Nc4+ Kc7 31. Ne3 Kb6 32. b4 Kc7 33. dxc6 bxc6 34. b5 cxb5 35. Nd5+ Kc6 36. Nf1 Be6 37. Nfe3 a5 38. Nf6 b4 39. axb4 axb4 40. Ned5 Kc5 1/2-1/2

[Event "Brighton e2e4 Major"]
[Site "Brighton"]
[Date "2013.02.19"]
[Round "6"]
[White "Brown, Terry"]
[Black "Davidson, Laura"]
[Result "1/2-1/2"]
[WhiteElo "1496"]
[BlackElo "1422"]
[PlyCount "30"]
[EventDate "2013.02.16"]
[EventType "swiss"]
[EventRounds "9"]
[EventCountry "ENG"]
[SourceTitle "EXT 2014"]
[Source "ChessBase"]
[SourceDate "2013.11.20"]
[SourceVersion "1"]
[SourceVersionDate "2013.11.20"]
[SourceQuality "1"]

1. e4 e5 2. d4 exd4 3. c3 Qe7 4. cxd4 Qxe4+ 5. Ne2 Nc6 6. Nbc3 Bb4 7. Bd2 Bxc3 8. Bxc3 d5 9. f3 Qh4+ 10. Ng3 Nf6 11. Bb5 Nh5 12. Qe2+ Be6 13. 0-0-0 Qg5+ 14. Bd2 Nxg3 15. hxg3 Qxg3 1/2-1/2

[Event "Brighton e2e4 Major"]
[Site "Brighton"]
[Date "2013.02.17"]
[Round "2"]
[White "Brown, Terry"]
[Black "Wicks, Keith"]
[Result "0-1"]
[WhiteElo "1496"]
[BlackElo "1542"]
[PlyCount "114"]
[EventDate "2013.02.16"]
[EventType "swiss"]
[EventRounds "9"]
[EventCountry "ENG"]
[SourceTitle "EXT 2014"]
[Source "ChessBase"]
[SourceDate "2013.11.20"]
[SourceVersion "1"]
[SourceVersionDate "2013.11.20"]
[SourceQuality "1"]

1. d4 c6 2. Nf3 d5 3. Bf4 Bf5 4. Nbd2 e6 5. e3 Bd6 6. Bg3 Nf6 7. Ne5 Bxe5 8. dxe5 Ne4 9. Nxe4 Bxe4 10. c3 Qb6 11. Bd3 Qxb2 12. 0-0 Qxc3 13. Bxe4 dxe4 14. Qd6 Qd3 15. Qb4 Qb5 16. Qxe4 Nd7 17. Rfb1 Qd5 18. Qb4 Nb6 19. Rd1 Qc4 20. Qd6 Nd5 21. Qa3 Qb4 22. Qd3 0-0 23. a3 Qe7 24. Qc4 Rfd8 25. Bh4 g5 26. Qg4 h6 27. Bg3 f5 28. exf6 Nxf6 29. Qa4 Rxd1+ 30. Rxd1 Rd8 31. Rc1 Qd7 32. h4 Qd2 33. Qc4 Qd5 34. Qc2 Ne4 35. hxg5 hxg5 36. Bc7 Rd7 37. Bb8 a6 38. Ba7 Qd2 39. Qxe4 Qxc1+ 40. Kh2 Rh7+ 41. Kg3 Rh6 42. Qg4 Qc2 43. Qd4 Qf5 44. Qd8+ Qf8 45. Qd4 Qf6 46. Qd7 Qe5+ 47. Kf3 Qd5+ 48. Qxd5 exd5 49. Kg4 Kf7 50. g3 Kg6 51. f4 gxf4 52. gxf4 Rh5 53. Bd4 a5 54. Kf3 Rh1 55. Kg4 Rf1 56. Kh3 Kf5 57. Bc3 Rf3+ 0-1